| 000 | 00780nam a2200265 a 4500 | ||
|---|---|---|---|
| 001 | 37269 | ||
| 003 | BD-RjUL | ||
| 005 | 20211209052608.0 | ||
| 008 | 141119s1989 enka 001 0 eng d | ||
| 020 | _a0852198221 | ||
| 020 | _a0713466979 (pbk.) | ||
| 035 | _a(BD-RjUL)37372 | ||
| 040 |
_aBD-RjUL _beng _cBD-RjUL |
||
| 041 | _aeng | ||
| 082 |
_a551.6 _219 _bNEG 1989 |
||
| 100 | 1 |
_aNeal, Philip, _d1923- _9114171 |
|
| 245 | 1 | 4 |
_aThe greenhouse effect and ozone layer / _cPhilip Neal. |
| 260 |
_aLondon : _bDryad ; _aLondon : _bBatsford, _c1989. |
||
| 300 |
_a64 p. ; _bill. ; _c25 cm |
||
| 650 | 0 |
_aAtmospheric carbon dioxide _9114172 |
|
| 650 | 0 |
_aGreenhouse effect, Atmospheric _9114173 |
|
| 830 | 0 |
_aConsidering conservation _9114177 |
|
| 942 |
_2ddc _cBK |
||
| 999 |
_c37269 _d37269 |
||